[Event "8th Lost Boys op"]
[Site "Amsterdam NED"]
[Date "2000.08.11"]
[Round "1"]
[White "Kottke, Markus"]
[Black "Konings, Frans"]
[Result "0-1"]
[WhiteElo "2228"]
[BlackElo "2162"]
[EventDate "2000.08.11"]
[PlyCount "62"]

1.e4 d6 2.d4 Nf6 3.Nc3 g6 4.Nf3 Bg7 5.h3 O-O 6.Be3 Na6 7.Qd2 c5 8.O-O-O 
cxd4 9.Bxd4 Nc7 10.Be3 b5 11.e5 b4 12.exf6 bxc3 13.Qxc3 Bxf6 14.Qa3 Bb7 
15.Bd4 Bxf3 16.Qxf3 Bxd4 17.Rxd4 Ne6 18.Rd5 Rb8 19.Bc4 Qc7 20.b3 a5 21.h4 
a4 22.h5 axb3 23.axb3 Qa7 24.Kd2 Rbc8 25.Re1 Rc5 26.Rxc5 Qxc5 27.hxg6 hxg6
28.Qe3 Qa5+ 29.Ke2 Ng7 30.Qe4 Qc3 31.Qxg6 Qxc4+ 0-1

[Event "8th Lost Boys op"]
[Site "Amsterdam NED"]
[Date "2000.08.12"]
[Round "2"]
[White "Van der Sterren, Paul"]
[Black "Konguvel, Ponnuswamy"]
[Result "1-0"]
[WhiteElo "2569"]
[BlackElo "2377"]
[EventDate "2000.08.11"]
[PlyCount "75"]

1.d4 Nf6 2.c4 g6 3.Nf3 Bg7 4.g3 d5 5.Bg2 dxc4 6.Na3 c3 7.bxc3 c5 8.O-O O-O
9.e3 Nc6 10.Qe2 Nd5 11.Bb2 Qa5 12.Rfc1 Bg4 13.h3 Bxf3 14.Bxf3 Nb6 15.Rab1 
Rac8 16.Rc2 Rfd8 17.Bc1 a6 18.Kg2 e6 19.Rcb2 Qxa3 20.Rxb6 Qxc3 21.R6b3 Qa5
22.Rxb7 Nb4 23.dxc5 Nxa2 24.c6 Qa4 25.Bb2 e5 26.Ra1 e4 27.Bg4 Rxc6 28.Bxg7
Rc2 29.Qe1 Kxg7 30.Bd1 Rdc8 31.Bxc2 Rxc2 32.Qb1 Qc4 33.Qb6 Qc3 34.Rd1 
Rxf2+ 35.Kxf2 Qc2+ 36.Ke1 Nc3 37.Qd4+ Kh6 38.Qd2 1-0

[Event "8th Lost Boys op"]
[Site "Amsterdam NED"]
[Date "2000.08.12"]
[Round "2"]
[White "Hillarp Persson, Tiger"]
[Black "Van Blitterswijk, Stefan"]
[Result "1-0"]
[WhiteElo "2549"]
[BlackElo "2351"]
[EventDate "2000.08.11"]
[PlyCount "87"]

1.d4 Nf6 2.c4 c5 3.d5 e6 4.Nc3 g6 5.dxe6 fxe6 6.Bg5 Bg7 7.Qd6 Qe7 8.Nb5 
Qxd6 9.Nxd6+ Ke7 10.O-O-O Nc6 11.Nf3 b6 12.e3 h6 13.Bh4 g5 14.Bg3 Nh5 15.
Nxc8+ Raxc8 16.Bd6+ Kf7 17.Be2 Nf6 18.Ne5+ Nxe5 19.Bxe5 d5 20.Bxf6 Bxf6 
21.cxd5 exd5 22.Rxd5 Rhd8 23.Rhd1 Rxd5 24.Rxd5 Rd8 25.Rxd8 Bxd8 26.Kc2 Ke6
27.Ba6 Bc7 28.g3 h5 29.Kd3 Be5 30.b3 g4 31.h3 Kf5 32.Bc8+ Kg5 33.a4 Bb2 
34.Bd7 Ba3 35.h4+ Kh6 36.Be8 Bb4 37.Ke2 Bc3 38.f3 gxf3+ 39.Kxf3 Bf6 40.Kf4
a6 41.Bc6 Bd8 42.e4 b5 43.axb5 a5 44.e5 1-0

[Event "8th Lost Boys op"]
[Site "Amsterdam NED"]
[Date "2000.08.12"]
[Round "2"]
[White "Nio Bertholee, Rob"]
[Black "Nijboer, Friso"]
[Result "0-1"]
[WhiteElo "2343"]
[BlackElo "2537"]
[EventDate "2000.08.11"]
[PlyCount "68"]

1.Nf3 Nf6 2.c4 g6 3.Nc3 d5 4.cxd5 Nxd5 5.Qa4+ Bd7 6.Qh4 Nxc3 7.dxc3 Nc6 8.
e4 e5 9.Qxd8+ Rxd8 10.Bc4 f6 11.Be3 Na5 12.Be2 b6 13.Nd2 Nb7 14.Bc4 h5 15.
b4 a5 16.a3 Nd6 17.Bd5 Nb5 18.Nb1 c6 19.Bb3 c5 20.bxa5 bxa5 21.a4 Nd6 22.
Bd5 Rc8 23.Nd2 Bh6 24.Bxh6 Rxh6 25.Nb3 Bc6 26.Nxa5 Bxd5 27.exd5 Rh7 28.Nc6
Rd7 29.O-O Ne4 30.c4 Nd2 31.Rfd1 Nxc4 32.a5 Nb2 33.Rd2 Nc4 34.Rd3 Rxc6 0-1

[Event "8th Lost Boys op"]
[Site "Amsterdam NED"]
[Date "2000.08.12"]
[Round "2"]
[White "Erwich, Marc"]
[Black "Schmaltz, Roland"]
[Result "0-1"]
[WhiteElo "2205"]
[BlackElo "2523"]
[EventDate "2000.08.11"]
[PlyCount "80"]

1.e4 g6 2.d4 Bg7 3.Nf3 d6 4.Be2 Nf6 5.Nc3 O-O 6.O-O c6 7.a4 Nbd7 8.h3 e5 
9.Be3 Qe7 10.Re1 Re8 11.Bf1 b6 12.a5 b5 13.d5 b4 14.Na2 cxd5 15.exd5 e4 
16.Nh2 Qe5 17.Nxb4 Qxb2 18.Qd2 Nc5 19.Rab1 Qe5 20.Bd4 Qe7 21.Bb5 Bd7 22.
Nc6 Qf8 23.Bc4 Nh5 24.Bxc5 dxc5 25.Rb7 Bh6 26.Qc3 Qd6 27.Nxa7 e3 28.fxe3 
Bxh3 29.e4 Bg7 30.Qxh3 Bd4+ 31.Re3 Rxe4 32.Nf1 Rxe3 33.Nxe3 Ng3 34.Nb5 
Bxe3+ 35.Kh2 Nf1+ 36.Kh1 Qf4 37.Rxf7 Qxf7 38.Nd6 Qf2 39.Qe6+ Kf8 40.Nf5 
Qg1# 0-1

[Event "8th Lost Boys op"]
[Site "Amsterdam NED"]
[Date "2000.08.12"]
[Round "2"]
[White "Shchekachev, Andrei"]
[Black "Van Oosterom, Erik"]
[Result "1-0"]
[WhiteElo "2503"]
[BlackElo "2194"]
[EventDate "2000.08.11"]
[PlyCount "91"]

1.Nf3 d5 2.d4 Nf6 3.c4 c6 4.Nc3 dxc4 5.e3 b5 6.a4 b4 7.Na2 e6 8.Bxc4 Be7 
9.O-O O-O 10.Bd2 a5 11.Nc1 Nbd7 12.Nb3 Bb7 13.Qe2 Qb8 14.e4 c5 15.e5 Nd5 
16.dxc5 Nxc5 17.Nxc5 Bxc5 18.Bd3 Ne7 19.Bxh7+ Kxh7 20.Ng5+ Kg8 21.Qh5 Rc8 
22.Qxf7+ Kh8 23.Nxe6 Qxe5 24.Rae1 Qf6 25.Qh5+ Kg8 26.Nxc5 Ba6 27.Nxa6 Rxa6
28.Bg5 Qg6 29.Qxg6 Nxg6 30.f4 Rc2 31.f5 Nf8 32.Re8 Ra7 33.f6 Rf7 34.Rf2 
Rxf2 35.Kxf2 gxf6 36.Bh6 Rc7 37.Rxf8+ Kh7 38.Rxf6 Rc2+ 39.Kf3 Rxb2 40.Be3 
Ra2 41.h4 Rxa4 42.h5 Ra1 43.Rf7+ Kg8 44.Rb7 Rf1+ 45.Ke4 Rh1 46.g4 1-0

[Event "8th Lost Boys op"]
[Site "Amsterdam NED"]
[Date "2000.08.12"]
[Round "2"]
[White "Meijers, Viesturs"]
[Black "Smeets, Jan"]
[Result "1-0"]
[WhiteElo "2478"]
[BlackElo "2183"]
[EventDate "2000.08.11"]
[PlyCount "63"]

1.e4 d5 2.exd5 Qxd5 3.Nc3 Qa5 4.d4 c6 5.Bc4 Bf5 6.Bd2 Nf6 7.Nge2 e6 8.Ng3 
Bg6 9.h4 h5 10.Nd5 Qd8 11.Nf4 Be4 12.Qe2 Bd5 13.Bxd5 cxd5 14.Nfxh5 Nxh5 
15.Nxh5 Nc6 16.c3 g6 17.Nf4 g5 18.Nh5 gxh4 19.O-O-O Be7 20.Qf3 Rh7 21.Kb1 
Kd7 22.Nf4 Qh8 23.c4 Nxd4 24.Qd3 dxc4 25.Qe4 Ke8 26.Bc3 e5 27.Bxd4 exd4 
28.Rhe1 f5 29.Qxb7 Rd8 30.Qc6+ Rd7 31.Ng6 Qg8 32.Nxe7 1-0

[Event "8th Lost Boys op"]
[Site "Amsterdam NED"]
[Date "2000.08.12"]
[Round "2"]
[White "Nep, Ron"]
[Black "Van der Weide, Karel"]
[Result "1-0"]
[WhiteElo "2192"]
[BlackElo "2467"]
[EventDate "2000.08.11"]
[PlyCount "89"]

1.d4 Nf6 2.Nf3 g6 3.c4 Bg7 4.Nc3 O-O 5.Bg5 d6 6.e3 Nbd7 7.Be2 h6 8.Bh4 e5 
9.Qc2 c6 10.Rd1 Qe7 11.a3 g5 12.Bg3 Nh5 13.dxe5 dxe5 14.Nd2 Nf4 15.exf4 
exf4 16.Nde4 Ne5 17.O-O Bf5 18.b4 Rad8 19.c5 Ng6 20.Bd3 Ne5 21.Be2 fxg3 
22.fxg3 Ng4 23.Bxg4 Bxg4 24.Rde1 f5 25.Nd6 Qf6 26.Nce4 Qd4+ 27.Nf2 Kh8 28.
Re7 Qf6 29.Rxb7 Bh5 30.Re1 f4 31.g4 Bg6 32.Qb3 f3 33.gxf3 Qxf3 34.Qxf3 
Rxf3 35.Re6 Rdf8 36.Rxg6 Rxf2 37.Ne4 Rf1+ 38.Kg2 R1f7 39.Rxf7 Rxf7 40.Rxc6
Rf4 41.Re6 Rxg4+ 42.Kf3 Rf4+ 43.Ke3 Rf7 44.b5 g4 45.c6 1-0

[Event "8th Lost Boys op"]
[Site "Amsterdam NED"]
[Date "2000.08.12"]
[Round "2"]
[White "Molinari, Gabriel"]
[Black "Solleveld, Maarten"]
[Result "0-1"]
[WhiteElo "2121"]
[BlackElo "2426"]
[EventDate "2000.08.11"]
[PlyCount "74"]

1.Nc3 Nf6 2.g3 d5 3.Bg2 e5 4.d4 exd4 5.Qxd4 Nc6 6.Qa4 Bb4 7.a3 Ba5 8.Bd2 
O-O 9.O-O-O Be6 10.e4 d4 11.Nce2 Bb6 12.Bc3 Bd7 13.Be1 Ne5 14.Qb3 c5 15.
Nf4 c4 16.Qb4 Bc6 17.Nf3 a5 18.Qd2 Nxf3 19.Bxf3 Nxe4 20.Qe2 Re8 21.Qxc4 
Rc8 22.Qf1 Qc7 23.Kb1 Nc3+ 24.Bxc3 Bxf3 25.Bxd4 Qxc2+ 26.Ka2 Bxd4 27.Rxd4 
Bxh1 28.Qxh1 Qc5 29.Qd1 h6 30.h4 b5 31.Nd5 Qc2 32.Nf6+ gxf6 33.Rg4+ Kh8 
34.Qd6 Re6 35.Qd7 Re1 36.Qxf7 Qb1+ 37.Kb3 Qd1+ 0-1

[Event "8th Lost Boys op"]
[Site "Amsterdam NED"]
[Date "2000.08.12"]
[Round "2"]
[White "De Jong, Migchiel"]
[Black "Piket, Jeroen"]
[Result "0-1"]
[WhiteElo "2276"]
[BlackElo "2649"]
[EventDate "2000.08.11"]
[PlyCount "94"]

1.e4 e5 2.Nf3 Nc6 3.Bb5 a6 4.Ba4 Nf6 5.O-O Be7 6.Re1 b5 7.Bb3 d6 8.c3 O-O 
9.d4 Bg4 10.Be3 Bh5 11.d5 Na5 12.Bc2 Nc4 13.Bc1 c6 14.dxc6 Qc7 15.b3 Nb6 
16.Nbd2 Qxc6 17.Bb2 Rfd8 18.Qe2 Rac8 19.Rac1 Nbd7 20.c4 b4 21.Nf1 Nc5 22.
Ng3 Bxf3 23.Nf5 Bxe2 24.Nxe7+ Kf8 25.Nxc6 Rxc6 26.Rxe2 a5 27.Rd1 Ne6 28.
Red2 Ke7 29.h4 Nd7 30.g3 f6 31.Rf1 Ra8 32.f4 a4 33.f5 Nec5 34.Rf3 Rca6 35.
Kf2 Nb8 36.g4 axb3 37.axb3 Nc6 38.g5 Ra2 39.Bb1 Nd4 40.gxf6+ gxf6 41.Rg3 
Ncxb3 42.Bxa2 Nxd2 43.Bb1 Nxb1 44.Bxd4 Ra2+ 45.Ke1 exd4 46.Rg7+ Ke8 47.
Rxh7 d3 0-1

[Event "8th Lost Boys op"]
[Site "Amsterdam NED"]
[Date "2000.08.12"]
[Round "2"]
[White "Jonkman, Harmen"]
[Black "Hopman, Pieter"]
[Result "1-0"]
[WhiteElo "2424"]
[BlackElo "2188"]
[EventDate "2000.08.11"]
[PlyCount "99"]

1.e4 d5 2.exd5 Qxd5 3.Nc3 Qa5 4.d4 c6 5.Bc4 Bf5 6.Nf3 e6 7.Bd2 Nf6 8.Nd5 
Qd8 9.Nxf6+ Qxf6 10.Qe2 Nd7 11.O-O-O Bg4 12.d5 Ba3 13.c3 cxd5 14.Bxd5 O-O 
15.Be4 Bc5 16.Qb5 Bxf3 17.gxf3 Rfd8 18.Be3 Bxe3+ 19.fxe3 Nb6 20.Bxb7 Rab8 
21.Rxd8+ Qxd8 22.Be4 Qc7 23.Qc6 Qe5 24.f4 Qa5 25.Qc7 Rf8 26.Kb1 g6 27.Rd1 
Qh5 28.Rd8 Qxh2 29.Rxf8+ Kxf8 30.Qd6+ Kg7 31.Qd4+ Kg8 32.Qd8+ Kg7 33.Qd4+ 
Kg8 34.c4 Qe2 35.b3 Qe1+ 36.Kb2 Qe2+ 37.Kb1 Qe1+ 38.Kb2 Qe2+ 39.Ka3 h5 40.
c5 Nd5 41.Bxd5 exd5 42.Qxd5 Qxe3 43.c6 h4 44.Qd7 Qc5+ 45.Ka4 Qc2 46.c7 
Qxa2+ 47.Kb4 a5+ 48.Kb5 Qxb3+ 49.Ka6 Qc4+ 50.Ka7 1-0

[Event "8th Lost Boys op"]
[Site "Amsterdam NED"]
[Date "2000.08.12"]
[Round "2"]
[White "Hendriks, Willy"]
[Black "Van Dongen, Cor"]
[Result "1-0"]
[WhiteElo "2378"]
[BlackElo "2135"]
[EventDate "2000.08.11"]
[PlyCount "95"]

1.c4 Nf6 2.g3 e5 3.Bg2 Nc6 4.Nc3 Bc5 5.e3 d6 6.Nge2 h6 7.O-O O-O 8.a3 a6 
9.b4 Ba7 10.d3 Bf5 11.h3 Re8 12.Kh2 Qd7 13.Bb2 Nd8 14.Qd2 c6 15.e4 Bh7 16.
f4 Ne6 17.Nd1 Rad8 18.Nf2 Nf8 19.Rad1 Ng6 20.f5 Nf8 21.d4 exd4 22.Nxd4 Qc7
23.Qf4 Bb8 24.Nf3 N8d7 25.Rfe1 Ne5 26.Nxe5 dxe5 27.Qe3 c5 28.Qxc5 Qxc5 29.
bxc5 Rxd1 30.Rxd1 Ba7 31.Nd3 Nd7 32.c6 bxc6 33.Nb4 Nb6 34.Bf1 Na4 35.Ba1 
Bc5 36.Nxc6 Bxa3 37.Bxe5 Nc5 38.Ra1 Bb4 39.Nxb4 Rxe5 40.Nd3 Nxd3 41.Bxd3 
a5 42.Kg2 Kf8 43.Kf3 Ke7 44.Ke3 Kd6 45.Kd4 f6 46.Rb1 Kc7 47.c5 Re8 48.Bc4 
1-0

[Event "8th Lost Boys op"]
[Site "Amsterdam NED"]
[Date "2000.08.12"]
[Round "2"]
[White "Michiels, Bart"]
[Black "Bellin, Robert"]
[Result "1/2-1/2"]
[WhiteElo "2055"]
[BlackElo "2369"]
[EventDate "2000.08.11"]
[PlyCount "50"]

1.e4 c5 2.Nf3 d6 3.d4 cxd4 4.Nxd4 Nf6 5.Nc3 Nc6 6.Be2 e5 7.Nf3 h6 8.O-O 
Be7 9.Re1 O-O 10.h3 Be6 11.Bf1 Nb8 12.b3 Nbd7 13.Bb2 a6 14.a4 Rc8 15.Nd2 
Qc7 16.Qf3 Qc6 17.Nc4 Nc5 18.a5 Bd8 19.b4 Ncxe4 20.Nxe4 Bxc4 21.Bxc4 Nxe4 
22.Rxe4 d5 23.Rxe5 dxc4 24.Qxc6 Rxc6 25.Bd4 Bf6 1/2-1/2

[Event "8th Lost Boys op"]
[Site "Amsterdam NED"]
[Date "2000.08.12"]
[Round "2"]
[White "Egeli, Per Ove"]
[Black "Roebers, Jan"]
[Result "0-1"]
[WhiteElo "2347"]
[BlackElo "2237"]
[EventDate "2000.08.11"]
[PlyCount "52"]

1.c4 g6 2.Nc3 Bg7 3.g3 f5 4.Bg2 Nf6 5.d3 O-O 6.e4 fxe4 7.dxe4 d6 8.Nge2 c5
9.O-O Nc6 10.f4 a6 11.h3 Rb8 12.Be3 Be6 13.Nd5 Bf7 14.Qd2 b5 15.e5 Nd7 16.
cxb5 axb5 17.Rad1 Kh8 18.Ndc3 Na5 19.b3 b4 20.Ne4 c4 21.Nxd6 exd6 22.Qxd6 
cxb3 23.Qxd7 Qxd7 24.Rxd7 bxa2 25.Ra7 b3 26.Nc3 b2 0-1

[Event "8th Lost Boys op"]
[Site "Amsterdam NED"]
[Date "2000.08.12"]
[Round "2"]
[White "Van der Hoeven, Gert-Jan"]
[Black "Ravi, Thandalam Shanmugam"]
[Result "0-1"]
[WhiteElo "2251"]
[BlackElo "2385"]
[EventDate "2000.08.11"]
[PlyCount "102"]

1.e4 e5 2.Nf3 Nc6 3.Bc4 Bc5 4.c3 Nf6 5.d4 exd4 6.b4 Be7 7.e5 Ne4 8.b5 Na5 
9.Bd3 Nxc3 10.Nxc3 dxc3 11.O-O d5 12.exd6 Qxd6 13.Ng5 Bxg5 14.Bxg5 O-O 15.
Qc2 h6 16.Bh4 b6 17.Qxc3 c5 18.Rfd1 Qf4 19.Bg3 Qa4 20.Be5 Bb7 21.Bf1 f6 
22.Bg3 Rad8 23.Rxd8 Rxd8 24.Bc7 Rd1 25.Rxd1 Qxd1 26.Bb8 Bd5 27.Qh3 Bc4 28.
g3 f5 29.Bxa7 Bxb5 30.Bxb6 Nc4 31.a4 Ba6 32.Qxf5 Qxf1+ 33.Kxf1 Ne3+ 34.Ke1
Nxf5 35.Bxc5 Kf7 36.f3 g6 37.g4 Ng7 38.Be3 h5 39.Kf2 Ke6 40.Kg3 Be2 41.a5 
Ke5 42.Bd2 Ne6 43.h3 Kd5 44.a6 Kc6 45.a7 Kb7 46.Be3 Nc7 47.Bf2 Nb5 48.Kf4 
Nxa7 49.Bxa7 Kxa7 50.Kg5 Bxf3 51.Kxg6 Bxg4 0-1

[Event "8th Lost Boys op"]
[Site "Amsterdam NED"]
[Date "2000.08.12"]
[Round "2"]
[White "Wendt, Rene"]
[Black "Rubingh, Otto"]
[Result "1-0"]
[WhiteElo "2373"]
[BlackElo "2264"]
[EventDate "2000.08.11"]
[PlyCount "115"]

1.d4 e6 2.c4 f5 3.g3 Nf6 4.Bg2 Bb4+ 5.Bd2 Be7 6.Nc3 O-O 7.Nf3 d6 8.O-O Qe8
9.Qc2 Qh5 10.b4 h6 11.a4 Nbd7 12.c5 e5 13.Nb5 e4 14.Qa2+ Kh8 15.Ne1 Ne8 
16.f3 Ndf6 17.Nc3 Qg6 18.a5 h5 19.Bf4 h4 20.e3 h3 21.Bh1 Qh5 22.g4 Qg6 23.
Bg3 exf3 24.gxf5 Bxf5 25.Bxf3 Nh5 26.Bxh5 Qxh5 27.e4 Bg4 28.Rxf8+ Bxf8 29.
Nd3 Qg5 30.Qf2 Nf6 31.Rf1 Bh5 32.Qf4 Qg6 33.Qh4 Qg4 34.Nf4 Re8 35.Qxh3 Kg8
36.Qxg4 Bxg4 37.h3 Bd7 38.Re1 dxc5 39.bxc5 c6 40.e5 Nh7 41.Ne4 Bf5 42.h4 
Kf7 43.Kf2 g6 44.Kf3 Bxe4+ 45.Kxe4 Bh6 46.Rb1 Re7 47.Rf1 Bxf4 48.Bxf4 Ke6 
49.Rg1 Kf7 50.Bg5 Rd7 51.a6 bxa6 52.Ra1 Nf8 53.Rf1+ Ke8 54.Rf6 Rc7 55.Bh6 
Nh7 56.Rxg6 a5 57.e6 a4 58.Ke5 1-0

[Event "8th Lost Boys op"]
[Site "Amsterdam NED"]
[Date "2000.08.12"]
[Round "2"]
[White "Remmel, Tim"]
[Black "Giddins, Stephen"]
[Result "1/2-1/2"]
[WhiteElo "2225"]
[BlackElo "2315"]
[EventDate "2000.08.11"]
[PlyCount "70"]

1.e4 e6 2.Qe2 c5 3.g3 Nc6 4.Nf3 g6 5.Bg2 Bg7 6.O-O Nge7 7.c3 O-O 8.Rd1 e5 
9.d3 d6 10.a3 h6 11.b4 cxb4 12.axb4 d5 13.exd5 Nxd5 14.b5 Na5 15.Qa2 b6 
16.Nxe5 Be6 17.c4 Bxe5 18.cxd5 Bg4 19.d4 Bxd1 20.dxe5 Rc8 21.Bxh6 Nb3 22.
Nd2 Nxa1 23.Qxa1 Bc2 24.e6 f6 25.Bxf8 Qxf8 26.Qd4 Qd6 27.Be4 f5 28.Bxc2 
Rxc2 29.Nc4 Qb4 30.e7 Qe1+ 31.Kg2 Qxe7 32.d6 Qb7+ 33.Kh3 Qh7+ 34.Kg2 Qb7+ 
35.Kh3 Qh7+ 1/2-1/2

[Event "8th Lost Boys op"]
[Site "Amsterdam NED"]
[Date "2000.08.12"]
[Round "2"]
[White "Lahaye, Rick"]
[Black "Van Harreveld, Frenk"]
[Result "0-1"]
[WhiteElo "2220"]
[BlackElo "2307"]
[EventDate "2000.08.11"]
[PlyCount "60"]

1.c4 e6 2.g3 d5 3.Bg2 Nf6 4.Nf3 c5 5.O-O Nc6 6.cxd5 exd5 7.d4 Be7 8.Nc3 
O-O 9.dxc5 Bxc5 10.b3 a6 11.Bb2 Re8 12.Rc1 Ba7 13.Na4 Qe7 14.e3 Rd8 15.Nd4
Ne5 16.Qc2 Bg4 17.Nf5 Qe6 18.Qc7 Nf3+ 19.Bxf3 Bxf3 20.Nh6+ gxh6 21.Qf4 Ne4
22.Qxf3 Nd2 23.Qf4 Nxf1 24.Bf6 Rd6 25.Be5 Rc6 26.Rxf1 Re8 27.Ba1 Qe4 28.
Qxe4 dxe4 29.Nc3 Bb8 30.Rd1 Be5 0-1

[Event "8th Lost Boys op"]
[Site "Amsterdam NED"]
[Date "2000.08.12"]
[Round "2"]
[White "Happel, Hendrik"]
[Black "Backelin, Rikard"]
[Result "1/2-1/2"]
[WhiteElo "2216"]
[BlackElo "2306"]
[EventDate "2000.08.11"]
[PlyCount "123"]

1.d4 g6 2.c4 Bg7 3.Nf3 d6 4.Nc3 Bg4 5.e3 Nd7 6.Be2 Ngf6 7.b3 O-O 8.Bb2 c6 
9.O-O Re8 10.Nd2 Bxe2 11.Qxe2 e5 12.dxe5 dxe5 13.Nde4 Qe7 14.Rfd1 Red8 15.
Rd2 Nxe4 16.Nxe4 f5 17.Nd6 Nc5 18.Rad1 e4 19.Bxg7 Kxg7 20.f3 exf3 21.Qxf3 
a5 22.Qf4 Kg8 23.h4 Rf8 24.Qg3 Qg7 25.Qf4 Ne6 26.Qg3 f4 27.exf4 Nxf4 28.
Re1 Rad8 29.c5 Qf6 30.Rf2 b6 31.Re4 Qa1+ 32.Kh2 Nh5 33.Qe3 Rxf2 34.Qxf2 
Nf6 35.Re1 Ng4+ 36.Kg1 Nxf2 37.Rxa1 bxc5 38.Nc4 Ng4 39.Nxa5 Rd2 40.Nc4 Rd3
41.a4 Rxb3 42.a5 Ne3 43.Nxe3 Rxe3 44.a6 Re8 45.Kf2 Kf7 46.a7 Ra8 47.Ke3 
Ke6 48.Kd3 Kf5 49.Kc4 Kg4 50.Kxc5 Kxh4 51.Kb6 Kg3 52.Ra2 h5 53.Kb7 Rxa7+ 
54.Rxa7 h4 55.Kb6 g5 56.Kc5 g4 57.Kd4 h3 58.gxh3 gxh3 59.Ra8 h2 60.Ke3 
h1=Q 61.Rg8+ Kh2 62.Rh8+ 1/2-1/2

[Event "8th Lost Boys op"]
[Site "Amsterdam NED"]
[Date "2000.08.12"]
[Round "2"]
[White "Wippermann, Till"]
[Black "Erwich, Frank"]
[Result "0-1"]
[WhiteElo "2306"]
[BlackElo "2224"]
[EventDate "2000.08.11"]
[PlyCount "110"]

1.e4 e5 2.Nf3 Nc6 3.Bb5 Nf6 4.O-O Nxe4 5.d4 Nd6 6.Bxc6 dxc6 7.dxe5 Ne4 8.
Qxd8+ Kxd8 9.Re1 Nc5 10.Be3 a5 11.Nc3 Ke8 12.Nd4 Ne6 13.Ne4 a4 14.a3 Ra5 
15.f4 Nxd4 16.Bxd4 Rd5 17.Rad1 Bf5 18.c4 Rd8 19.Nf2 Bc2 20.Rd2 Bc5 21.Rxc2
Rxd4 22.g3 Rd3 23.Kg2 Bxf2 24.Kxf2 Ke7 25.Re3 Rhd8 26.Kf3 c5 27.f5 g6 28.
g4 Rxe3+ 29.Kxe3 Rd4 30.Kf3 h5 31.gxh5 gxf5 32.Kg3 Ke6 33.Rg2 Kxe5 34.h6 
f4+ 35.Kf3 Rd3+ 36.Kg4 Kf6 37.h7 Kg7 38.Kxf4+ Kxh7 39.Ke5 Rd4 40.Kf6 Rf4+ 
41.Ke7 Kh6 42.Kd7 Rxc4 43.Kxc7 f5 44.Kxb7 f4 45.Kc6 f3 46.Rf2 Rf4 47.Kxc5 
Kg5 48.Kd5 Kg4 49.Ke5 Rf8 50.Ke4 Re8+ 51.Kd3 Kf4 52.Kd2 Rg8 53.Ke1 Rg1+ 
54.Rf1 Rg2 55.Rf2 Ke3 0-1

[Event "8th Lost Boys op"]
[Site "Amsterdam NED"]
[Date "2000.08.12"]
[Round "2"]
[White "Amesz, Jaap"]
[Black "Pel, Bonno"]
[Result "1-0"]
[WhiteElo "2185"]
[BlackElo "2300"]
[EventDate "2000.08.11"]
[PlyCount "73"]

1.e4 d6 2.d4 Nf6 3.Nc3 g6 4.f4 Bg7 5.Nf3 O-O 6.Bd3 Na6 7.O-O c5 8.d5 Rb8 
9.Qe2 Nb4 10.Bc4 a6 11.a3 b5 12.axb4 cxb4 13.Nxb5 axb5 14.Bd3 Nd7 15.Be3 
Nc5 16.Bxc5 dxc5 17.Bxb5 Bxb2 18.Rad1 Qb6 19.Bc4 Ra8 20.e5 Ra3 21.d6 exd6 
22.Rxd6 Qc7 23.Ng5 Bd4+ 24.Kh1 Re3 25.Qd1 Kg7 26.Rf6 h6 27.Rxf7+ Rxf7 28.
Nxf7 Bb7 29.Nd6 Bc6 30.Qg4 Kh7 31.f5 Qg7 32.f6 Qf8 33.Bf7 Be4 34.Nxe4 Qxf7
35.e6 Qb7 36.f7 Bg7 37.Nf6+ 1-0

[Event "8th Lost Boys op"]
[Site "Amsterdam NED"]
[Date "2000.08.12"]
[Round "2"]
[White "Peek, Marcel"]
[Black "Sadewasser, Axel"]
[Result "1-0"]
[WhiteElo "2299"]
[BlackElo "2211"]
[EventDate "2000.08.11"]
[PlyCount "189"]

1.d4 Nf6 2.c4 g6 3.Nc3 Bg7 4.e4 d6 5.Nf3 O-O 6.Be2 a5 7.O-O Na6 8.Be3 Qe8 
9.h3 e5 10.dxe5 dxe5 11.a3 Qe7 12.Qc2 c6 13.Na4 Nd7 14.c5 Nc7 15.Bc4 Kh8 
16.Rad1 f5 17.exf5 gxf5 18.Rfe1 Ne6 19.Bxe6 Qxe6 20.Bf4 e4 21.Rd6 Qg8 22.
Nd4 Ne5 23.Re3 Ng6 24.Bh2 Rd8 25.Qd1 Rxd6 26.cxd6 Qd5 27.Nb6 Qxd4 28.Qxd4 
Bxd4 29.Nxa8 Bxe3 30.fxe3 Be6 31.Nb6 Nf8 32.Be5+ Kg8 33.Bc3 Kf7 34.Bxa5 
Nd7 35.Nxd7 Bxd7 36.Be1 Ke6 37.Bg3 Kd5 38.Kf2 c5 39.Bf4 Ke6 40.Kg3 Kf6 41.
Kh4 Kg6 42.Be5 c4 43.Bd4 b5 44.Kg3 Kf7 45.Kf4 Ke6 46.Kg5 Kf7 47.Bc3 Bc8 
48.Bb4 Bd7 49.h4 Bc8 50.Ba5 Bd7 51.Bd8 Bc8 52.Be7 Bd7 53.Kf4 Kg6 54.Ke5 h5
55.Bg5 Kf7 56.Bf4 Bc8 57.g4 fxg4 58.Kxe4 Ke6 59.Bg3 Bd7 60.Kd4 Be8 61.e4 
Bd7 62.Ke3 Be8 63.Bh2 Bd7 64.Kf4 Be8 65.Kg5 Bf7 66.Kh6 Be8 67.Kg7 Bc6 68.
e5 g3 69.Bxg3 Bf3 70.Kg6 Bg4 71.Bh2 Kd7 72.Kf6 Be6 73.Kg5 Bg4 74.Kf4 Bh3 
75.Ke4 Be6 76.Kd4 Kc6 77.Bg3 Bf5 78.a4 bxa4 79.Kxc4 Kd7 80.Kb5 Bc2 81.e6+ 
Kxe6 82.Kc6 a3 83.bxa3 Ba4+ 84.Kc5 Kd7 85.Kb4 Bd1 86.a4 Kc6 87.a5 Be2 88.
Kc3 Bg4 89.Kd4 Kb5 90.Be1 Kc6 91.Ke5 Bh3 92.Bb4 Kb5 93.Kf6 Bg4 94.Ke7 Kc6 
95.a6 1-0

[Event "8th Lost Boys op"]
[Site "Amsterdam NED"]
[Date "2000.08.12"]
[Round "2"]
[White "Byklum, Bjornar"]
[Black "Wortel, Marten"]
[Result "0-1"]
[WhiteElo "2127"]
[BlackElo "2296"]
[EventDate "2000.08.11"]
[PlyCount "80"]

1.e4 c5 2.Nf3 d6 3.g3 Nc6 4.Bg2 g6 5.O-O Bg7 6.c3 e5 7.d3 h6 8.Be3 Nge7 9.
Qd2 f5 10.Na3 Be6 11.Nc2 Qd7 12.Rfe1 f4 13.gxf4 Bh3 14.f5 Bxg2 15.Kxg2 
gxf5 16.exf5 O-O-O 17.Kh1 Nxf5 18.Rg1 Nce7 19.Qe2 Qc6 20.Rg2 Rdf8 21.d4 
Rh7 22.Rag1 Bh8 23.dxe5 dxe5 24.Nce1 Rhf7 25.Qc4 Nxe3 26.fxe3 Rxf3 27.Nxf3
Rxf3 28.e4 b5 29.Qe2 Rf4 30.Rg4 Kb7 31.h3 Kb6 32.Kh2 Bf6 33.b4 Bg5 34.Rd1 
cxb4 35.cxb4 Qc3 36.Rg3 Qxb4 37.Qd3 Nc6 38.Re3 Nd4 39.Rb1 Rf2+ 40.Kg3 Qf8 
0-1

[Event "8th Lost Boys op"]
[Site "Amsterdam NED"]
[Date "2000.08.12"]
[Round "2"]
[White "l`Ami, Erwin"]
[Black "De Vilder, Hans"]
[Result "0-1"]
[WhiteElo "2295"]
[BlackElo "2146"]
[EventDate "2000.08.11"]
[PlyCount "62"]

1.e4 c5 2.Nf3 d6 3.d4 cxd4 4.Nxd4 Nf6 5.Nc3 a6 6.Bg5 e6 7.f4 Nc6 8.Nxc6 
bxc6 9.e5 h6 10.Bh4 g5 11.fxg5 Nd5 12.Ne4 Qb6 13.Bd3 hxg5 14.Bxg5 Qxb2 15.
O-O Qxe5 16.h3 f5 17.Qf3 Ra7 18.Ng3 Rg7 19.Rae1 Qd4+ 20.Be3 Nxe3 21.Rxe3 
Be7 22.Qxc6+ Bd7 23.Qa8+ Kf7 24.Nxf5 exf5 25.Qxh8 Qxe3+ 26.Kh1 Qg5 27.Rf2 
Bf6 28.Bc4+ Ke7 29.Bd5 Qc1+ 30.Kh2 Rxg2+ 31.Rxg2 Bxh8 0-1

[Event "8th Lost Boys op"]
[Site "Amsterdam NED"]
[Date "2000.08.12"]
[Round "2"]
[White "Azadmanesh, Moosa"]
[Black "Stellwagen, Daniel"]
[Result "1/2-1/2"]
[WhiteElo "2141"]
[BlackElo "2285"]
[EventDate "2000.08.11"]
[PlyCount "40"]

1.e4 e6 2.d4 d5 3.Nc3 Bb4 4.e5 c5 5.a3 Bxc3+ 6.bxc3 Ne7 7.Qg4 Qc7 8.Qxg7 
Rg8 9.Qxh7 cxd4 10.Ne2 Nbc6 11.f4 Bd7 12.g3 O-O-O 13.Qd3 dxc3 14.Nxc3 Nf5 
15.Nb5 Qb8 16.Rb1 a6 17.Nd6+ Nxd6 18.exd6 Qxd6 19.Qxa6 bxa6 20.Bxa6+ Kc7 
1/2-1/2

[Event "8th Lost Boys op"]
[Site "Amsterdam NED"]
[Date "2000.08.13"]
[Round "3"]
[White "Epishin, Vladimir"]
[Black "Meijers, Viesturs"]
[Result "0-1"]
[WhiteElo "2567"]
[BlackElo "2478"]
[EventDate "2000.08.11"]
[PlyCount "73"]

1.d4 Nf6 2.c4 e6 3.Nf3 b6 4.g3 Bb7 5.Bg2 Be7 6.Nc3 O-O 7.O-O d5 8.cxd5 
Nxd5 9.Re1 c5 10.e4 Nxc3 11.bxc3 cxd4 12.cxd4 Nc6 13.Be3 Rc8 14.Rc1 Na5 
15.Qd3 Rxc1 16.Bxc1 Qc8 17.d5 Rd8 18.Nd4 Bf6 19.Nc2 Ba6 20.Qd1 Nc4 21.Ne3 
Bc3 22.Re2 Ne5 23.Bf1 Nf3+ 24.Kg2 Nd4 25.Rb2 Bxf1+ 26.Kxf1 exd5 27.Nxd5 
Qc4+ 28.Kg2 Bxb2 29.Bxb2 Ne6 30.Qe1 Kh8 31.Qe3 Qxa2 32.Bxg7+ Nxg7 33.Qg5 
Re8 34.Nf6 Re6 35.e5 Qc2 36.Ng4 Qg6 37.Qf4 0-1

[Event "8th Lost Boys op"]
[Site "Amsterdam NED"]
[Date "2000.08.13"]
[Round "3"]
[White "Nijboer, Friso"]
[Black "Nep, Ron"]
[Result "0-1"]
[WhiteElo "2537"]
[BlackElo "2192"]
[EventDate "2000.08.11"]
[PlyCount "96"]

1.e4 c6 2.d4 d5 3.e5 c5 4.dxc5 e6 5.Nf3 Bxc5 6.Bd3 Nc6 7.O-O Nge7 8.Bf4 
Ng6 9.Bg3 Qb6 10.b3 Bd7 11.c3 a5 12.Nbd2 O-O 13.a3 Rfc8 14.h4 Bf8 15.Qb1 
h6 16.h5 Nge7 17.Nh4 Na7 18.Rc1 Nb5 19.Qb2 d4 20.c4 Nc3 21.Qc2 Nf5 22.Nxf5
exf5 23.Re1 g6 24.Nf3 Be6 25.hxg6 fxg6 26.Qd2 Kh7 27.Bc2 Rd8 28.Bh4 Rd7 
29.Bf6 Rc8 30.Nh4 Qc6 31.Qd3 Ne4 32.Rxe4 fxe4 33.Qxe4 Qxe4 34.Bxe4 Kg8 35.
Nxg6 a4 36.Nf4 axb3 37.Nxe6 d3 38.Nxf8 Rd4 39.Bf5 Rcxc4 40.Be6+ Kxf8 41.
Bxc4 Rxc4 42.Rd1 b2 43.Kh2 Rc1 44.Rxd3 b1=Q 45.Rd8+ Kf7 46.Rd7+ Ke6 47.
Rd6+ Kf5 48.Bh8 Rh1+ 0-1